| 000 | 02823nam0a2200445 4500 | ||
|---|---|---|---|
| 001 | RU\NLR\bibl\1040789 | ||
| 005 | 20260407150333.0 | ||
| 010 |
_a5-7501-0703-5 _9200 |
||
| 021 |
_aRU _b2006-81737 _94141 |
||
| 035 | _a(NLR Aleph) 001028186 | ||
| 090 |
_a741660 _c741660 |
||
| 100 | _a20061219d2006 |||y0rusy50 ca | ||
| 101 | 0 | _arus | |
| 102 | _aRU | ||
| 105 | _ay dm ||||| | ||
| 106 | _ar | ||
| 200 | 1 |
_aКонтроль скважины. Управление скважиной при газонефтеводопроявлениях _eпособие для персонала и специалистов, работающих в нефтяной и газовой промышленности, по обеспечению промышленной безопасности _fНегос. проф. образовательное учреждение Инженерный Центр "Техника" _g[авт.-сост.: к.т.н. В.А. Сандаков, М.Н. Муслимов] |
|
| 210 |
_aУфа _cГилем _d2006 _eУфа _gИзд-во "Гилем" |
||
| 215 |
_a19 с. _d20 |
||
| 320 | _aБиблиогр.: с. 18 (10 назв.) | ||
| 517 | 0 | _aУправление скважиной при газонефтеводопроявлениях | |
| 606 | 1 |
_aНефтяные скважины _jМетодические пособия _xГазонефтепроявления _91704654 _3RU\NLR\auth\66759124 |
|
| 606 | 1 |
_aНефтяные скважины _jМетодические пособия _xТехническое состояние _xКонтроль _92240500 _3RU\NLR\auth\661344440 |
|
| 610 | 0 | _aГорное дело -- Разработка нефтяных месторождений -- Обслуживание нефтяных скважин. Осложнения при добыче -- Пособие для специалистов | |
| 610 | 0 | _aГорное дело -- Разработка газовых и газоконденсатных месторождений -- Обслуживание газовых скважин. Осложнения при добыче -- Пособие для специалистов | |
| 610 | 0 | _aгазонефтеводопроявления, ликвидация | |
| 610 | 0 | _aосвоение скважин | |
| 610 | 0 | _aиспытание скважин | |
| 610 | 0 | _aремонт скважин | |
| 686 |
_aИ361.6,07 _2rubbk |
||
| 686 | _aИ361-7с.я7 | ||
| 702 | 1 |
_aСандаков _bВ. А. _gВиктор Александрович, _4220 |
|
| 712 | 0 | 2 |
_4570 _a"Техника", инженерный центр _cУфа _3RU\NLR\AUTH\8810090079 _9681498 |
| 801 | 0 |
_aRU _bРКП _c20061219 _grcr |
|
| 801 | 1 |
_aRU _bРГБ _c20061219 |
|
| 801 | 2 |
_aRU _bNLR _c20070205 _grcr |
|
| 942 | _cBOOK | ||
| 980 | _aNB | ||
| 980 | _aNBR | ||